000 00571nam a2200181Ia 4500
003 GCL
008 140319s9999 xx 000 0 eng d
040 _aGCL /
_cGCL
082 0 4 _a892.7
_bV
100 1 _aACCADEMIA NATIONALE DEI LINCEI
245 1 0 _aCONUEGNO INTERNAZIONALE : TEMA ORIENTE E OCCIDENTE NEL MEDIOEVO FILOSOFIA E SCIENZE /
_cACCADEMIA NATIONALE DEI LINCEI
260 _a[S.N] :
_bACCADEMIA NAZIONALE DEI LINCEI ،
_c1971
300 _a779 P
650 0 4 _aحوادث المرور
650 0 4 _aPHILOSOPHY
650 0 4 _aARABIC LANGUAGE
942 _2ddc
_cBK
999 _c12474
_d12474